歴代の日本紙幣の肖像人物 - Statistics

General Stats
  • This quiz has been taken 595 times
    591 since last reset
  • The average score is 11 of 25
Answer Stats
Answer % Correct
福沢諭吉
95%
野口英世
92%
聖徳太子
92%
渋沢栄一
89%
樋口一葉
89%
津田梅子
87%
北里柴三郎
79%
伊藤博文
72%
夏目漱石
71%
新渡戸稲造
68%
紫式部
54%
板垣退助
44%
岩倉具視
40%
日本武尊
31%
高橋是清
18%
神功皇后
18%
二宮尊徳
13%
光源氏
13%
武内宿禰
12%
藤原鎌足
11%
大黒天
11%
菅原道真
11%
和気清麻呂
9%
楠木正成
9%
冷泉院
4%
No matching quizzes found
Score Distribution
Percent of People with Each Score
Percentile by Number Answered
Your Score History
You have not taken this quiz since the last reset